| 000 -LEADER |
| fixed length control field |
01327nam a22003977a 4500 |
| 001 - CONTROL NUMBER |
| control field |
21815488 |
| 003 - CONTROL NUMBER IDENTIFIER |
| control field |
LIBRIS |
| 005 - DATE AND TIME OF LATEST TRANSACTION |
| control field |
20210419094545.0 |
| 008 - FIXED-LENGTH DATA ELEMENTS--GENERAL INFORMATION |
| fixed length control field |
171030s2018 xxk|||||||||||000 0|eng|d |
| 020 ## - INTERNATIONAL STANDARD BOOK NUMBER |
| International Standard Book Number |
9781292215839 |
| Qualifying information |
pocket |
| 035 ## - SYSTEM CONTROL NUMBER |
| System control number |
(BOKR)9781292215839 |
| 040 ## - CATALOGING SOURCE |
| Original cataloging agency |
BOKR |
| Language of cataloging |
swe |
| Modifying agency |
Li |
| Description conventions |
i |
| -- |
rda |
| Transcribing agency |
eng |
| 041 ## - LANGUAGE CODE |
| Language code of text/sound track or separate title |
eng |
| 080 ## - UNIVERSAL DECIMAL CLASSIFICATION NUMBER |
| Universal Decimal Classification number |
005 |
| Item number |
R-66 |
| 082 04 - DEWEY DECIMAL CLASSIFICATION NUMBER |
| Classification number |
658 |
| Edition number |
23/swe |
| 084 ## - OTHER CLASSIFICATION NUMBER |
| Classification number |
Qba |
| Number source |
kssb/8 (machine generated) |
| 100 1# - MAIN ENTRY--PERSONAL NAME |
| Personal name |
Robbins, Stephen P. |
| Relationship |
aut |
| 245 10 - TITLE STATEMENT |
| Title |
Management / |
| Statement of responsibility, etc. |
Stephen P. Robbins, Mary Coulter. |
| 250 ## - EDITION STATEMENT |
| Edition statement |
fourteenth edition, global edition |
| 260 ## - PUBLICATION, DISTRIBUTION, ETC. |
| Place of publication, distribution, etc. |
Harlow : |
| Name of publisher, distributor, etc. |
Pearson, |
| Date of publication, distribution, etc. |
2018. |
| 264 #1 - PRODUCTION, PUBLICATION, DISTRIBUTION, MANUFACTURE, AND COPYRIGHT NOTICE |
| Name of producer, publisher, distributor, manufacturer |
Pearson Education Limited, |
| Date of production, publication, distribution, manufacture, or copyright notice |
2018. |
| 300 ## - PHYSICAL DESCRIPTION |
| Extent |
751 p. |
| Other physical details |
illustrationer |
| 336 ## - CONTENT TYPE |
| Content type term |
text |
| Content type code |
txt |
| Source |
rdacontent |
| 337 ## - MEDIA TYPE |
| Media type term |
unmediated |
| Media type code |
n |
| Source |
rdamedia |
| 338 ## - CARRIER TYPE |
| Carrier type term |
volume |
| Carrier type code |
nc |
| Source |
rdacarrier |
| 650 ## - SUBJECT ADDED ENTRY--TOPICAL TERM |
| General subdivision |
Management |
| 653 ## - INDEX TERM--UNCONTROLLED |
| Uncontrolled term |
მართვა |
| 700 1# - ADDED ENTRY--PERSONAL NAME |
| Personal name |
Martoccio, Joseph J. |
| Relationship |
ctb |
| 700 1# - ADDED ENTRY--PERSONAL NAME |
| Personal name |
Long, Lori K. |
| Relationship |
ctb |
| 700 1# - ADDED ENTRY--PERSONAL NAME |
| Personal name |
Coulter, Mary |
| 887 ## - NON-MARC INFORMATION FIELD |
| Content of non-MARC field |
{"@id":"l4xchwbx3jj39b5","modified":"2019-03-25T12:37:24.061+01:00","checksum":"68763964717"} |
| Source of data |
librisxl |
| 887 ## - NON-MARC INFORMATION FIELD |
| Content of non-MARC field |
{"@id":"7h4h0kz95xlr8xwl","modified":"2019-03-11T12:43:15.733+01:00","checksum":"44170235386"} |
| Source of data |
librisxl |
| 942 ## - ADDED ENTRY ELEMENTS (KOHA) |
| Source of classification or shelving scheme |
|
| Koha item type |
Books |